[Event "XLVII Torneo di Capodanno"]
[Site "Reggio nell'Emilia ITA"]
[Date "2004.12.30"]
[Round "2"]
[White "Naumkin, Igor"]
[Black "Chatalbashev, Boris"]
[Result "1-0"]
[WhiteElo "2479"]
[BlackElo "2554"]
[PlyCount "69"]
[EventDate "2004.12.29"]

1. d4 d6 2. c4 e5 3. Nc3 exd4 4. Qxd4 Nc6 5. Qd2 Nf6 6. b3 a5 7. f3 a4 8. Rb1
axb3 9. axb3 b5 10. e4 bxc4 11. Bxc4 Ne5 12. Nge2 Be7 13. O-O O-O 14. Nd4 c6
15. Be2 Qb6 16. Kh1 Re8 17. b4 Bf8 18. b5 c5 19. Nc2 d5 20. Nxd5 Nxd5 21. Qxd5
Bb7 22. Qb3 Qg6 23. Ne3 Bd6 24. Nf5 Bb8 25. Be3 Qh5 26. Qb2 c4 27. f4 Qg6 28.
fxe5 Bxe4 29. Nh4 Qe6 30. Nf3 Qg6 31. Bxc4 Ra4 32. Bb3 Ra5 33. Ng5 Bxe5 34. Qf2
Rf8 35. Nxf7 1-0

[Event "XLVII Torneo di Capodanno"]
[Site "Reggio nell'Emilia ITA"]
[Date "2004.12.30"]
[Round "2"]
[White "Rombaldoni, Denis"]
[Black "Tirabassi, Maurizio"]
[Result "1/2-1/2"]
[WhiteElo "2251"]
[BlackElo "2330"]
[PlyCount "110"]
[EventDate "2004.12.29"]

1. d4 Nf6 2. c4 e6 3. Nf3 b6 4. g3 Bb7 5. Bg2 Be7 6. O-O O-O 7. Nc3 Ne4 8. Bd2
f5 9. d5 Bf6 10. Rc1 Na6 11. Ne1 Nac5 12. Nd3 Nxd3 13. exd3 Nxc3 14. bxc3 e5
15. f4 exf4 16. Bxf4 d6 17. Re1 Re8 18. Qd2 Rxe1+ 19. Rxe1 Qf8 20. Bg5 Rd8 21.
Bxf6 Qxf6 22. Re6 Qf8 23. Qe1 Bc8 24. Re7 Bd7 25. Bf3 Re8 26. Rxe8 Qxe8 27. Qf2
Qe5 28. d4 Qe7 29. Bd1 g6 30. Qd2 Kg7 31. Kf2 h6 32. Bc2 g5 33. Qd3 g4 34. Qe3
Qf6 35. Kg2 Qg5 36. Qe2 h5 37. Kf2 h4 38. Qe3 hxg3+ 39. hxg3 Qf6 40. Qf4 Kf7
41. Bd1 Qg7 42. Kg2 Kf6 43. Kf2 Qg6 44. Ke3 Qh5 45. Be2 Kg6 46. Kf2 Qh2+ 47.
Ke3 Qg1+ 48. Kd2 Qh2 49. Ke3 Qh1 50. Kd2 Qh6 51. Ke3 Qg5 52. Bd3 Kf6 53. Be2
Qh5 54. Kd2 Qh2 55. Ke3 Kg6 1/2-1/2

[Event "XLVII Torneo di Capodanno"]
[Site "Reggio nell'Emilia ITA"]
[Date "2004.12.31"]
[Round "3"]
[White "Di Caro, Calogero"]
[Black "Naumkin, Igor"]
[Result "1-0"]
[WhiteElo "2317"]
[BlackElo "2479"]
[PlyCount "67"]
[EventDate "2004.12.29"]

1. e4 e5 2. Nf3 Nc6 3. Bb5 a6 4. Ba4 Nf6 5. O-O Nxe4 6. d4 b5 7. Bb3 d5 8. dxe5
Be6 9. Be3 Be7 10. c3 O-O 11. Nbd2 Nxd2 12. Qxd2 Qd7 13. Bg5 Rfe8 14. Rad1 Rad8
15. Qf4 Qc8 16. Nd4 Bxg5 17. Qxg5 Ne7 18. f4 c5 19. Nxe6 Qxe6 20. Qh4 g6 21. h3
c4 22. Bc2 b4 23. Kh2 bxc3 24. bxc3 Nf5 25. Qf2 Rb8 26. Bxf5 gxf5 27. g4 Kh8
28. gxf5 Qxf5 29. Rxd5 Rg8 30. Qd4 Qg6 31. e6+ f6 32. Rg5 Qc2+ 33. Kh1 Rxg5 34.
fxg5 1-0

[Event "XLVII Torneo di Capodanno"]
[Site "Reggio nell'Emilia ITA"]
[Date "2004.12.31"]
[Round "3"]
[White "Miladinovic, Igor"]
[Black "Cebalo, Miso"]
[Result "1-0"]
[WhiteElo "2611"]
[BlackElo "2520"]
[PlyCount "161"]
[EventDate "2004.12.29"]

1. e4 e6 2. d4 d5 3. Nc3 Nf6 4. e5 Nfd7 5. f4 c5 6. Nf3 Nc6 7. Be3 a6 8. Qd2 b5
9. Qf2 Qa5 10. a4 cxd4 11. Nxd4 Nxd4 12. Bxd4 b4 13. Nb1 Bc5 14. Nd2 Bxd4 15.
Qxd4 O-O 16. Bd3 f6 17. exf6 Rxf6 18. Nb3 Qb6 19. Qxb6 Nxb6 20. g3 Bd7 21. a5
Na4 22. O-O-O Rff8 23. Be2 Rfc8 24. Rd4 Rcb8 25. Re1 Ra7 26. f5 exf5 27. Bf3
Kf8 28. Rxd5 Rc8 29. Kb1 Rac7 30. Bd1 g6 31. Rd4 Rb8 32. Re5 Be8 33. Be2 Rc6
34. Rh4 h5 35. Nd4 Rd6 36. Re6 Rxe6 37. Nxe6+ Ke7 38. Nc7 Nc5 39. Rc4 Ne4 40.
Rxb4 Rxb4 41. Nd5+ Kd6 42. Nxb4 Bb5 43. Bxb5 axb5 44. a6 Kc7 45. Nd5+ Kb8 46.
Ne7 Nd2+ 47. Kc1 Nf1 48. Nxg6 Nxh2 49. Nh4 Ka7 50. Nxf5 Ng4 51. Kd2 Kxa6 52.
Kd3 Kb6 53. Kd4 Kc6 54. Ng7 Nf6 55. Ne6 Kd7 56. Nc5+ Kc6 57. Nd3 Kd7 58. Ke5
Ng4+ 59. Kf4 Kd6 60. Nc1 Kd5 61. Ne2 Kc4 62. Kf3 Nh2+ 63. Ke3 Nf1+ 64. Kf4 Kc5
65. Nc3 b4 66. Ne4+ Kc4 67. Kf3 b3 68. c3 Kd3 69. Kf4 Kc2 70. c4 Kxb2 71. c5
Kc2 72. c6 b2 73. c7 b1=Q 74. c8=Q+ Kb2 75. Qb7+ Ka1 76. Qa6+ Kb2 77. Qb5+ Ka1
78. Qa6+ Kb2 79. Qf6+ Ka3 80. Qc3+ Qb3 81. Qc1+ 1-0

[Event "XLVII Torneo di Capodanno"]
[Site "Reggio nell'Emilia ITA"]
[Date "2004.12.31"]
[Round "3"]
[White "Sciortino, Massimo"]
[Black "Rombaldoni, Denis"]
[Result "1/2-1/2"]
[WhiteElo "2222"]
[BlackElo "2251"]
[PlyCount "82"]
[EventDate "2004.12.29"]

1. Nf3 Nf6 2. d4 e6 3. Bg5 Be7 4. Nbd2 d5 5. e3 b6 6. c3 Bb7 7. Bd3 h6 8. Bh4
c5 9. Ne5 a6 10. Bxf6 gxf6 11. Nef3 f5 12. Ne5 Nd7 13. Ndf3 c4 14. Bc2 Bf6 15.
Nxd7 Qxd7 16. Ne5 Bxe5 17. dxe5 Qc7 18. Qd4 Rg8 19. g3 O-O-O 20. f4 h5 21. Kf2
h4 22. Rag1 Kb8 23. Bd1 Rg6 24. gxh4 Qe7 25. Rg5 Rh8 26. Kg3 Ka7 27. Rg1 Bc6
28. Kh3 Be8 29. R1g3 a5 30. h5 Qf8 31. Kg2 Rgh6 32. Bf3 Ka6 33. Kh1 f6 34. exf6
Bxh5 35. Bxh5 Rxh5 36. Rxh5 Rxh5 37. Qe5 Qe8 38. Qc7 Rxh2+ 39. Kxh2 Qh5+ 40.
Rh3 Qe2+ 41. Kg3 Qe1+ 1/2-1/2

[Event "XLVII Torneo di Capodanno"]
[Site "Reggio nell'Emilia ITA"]
[Date "2004.12.31"]
[Round "3"]
[White "Tirabassi, Maurizio"]
[Black "Komarov, Dimitri"]
[Result "1/2-1/2"]
[WhiteElo "2330"]
[BlackElo "2555"]
[PlyCount "71"]
[EventDate "2004.12.29"]

1. d4 e6 2. c4 Bb4+ 3. Bd2 Qe7 4. g3 Nc6 5. Nf3 Nf6 6. Bg2 Bxd2+ 7. Nbxd2 d6 8.
O-O e5 9. d5 Nb8 10. Ne1 h5 11. h4 Bg4 12. f3 Bd7 13. e4 a5 14. Nd3 Na6 15. Qe2
Nb4 16. Rfc1 Nxd3 17. Qxd3 c5 18. Qe3 Ng8 19. Bf1 Nh6 20. Bd3 f6 21. Kg2 g5 22.
Rh1 g4 23. Be2 O-O-O 24. Rhf1 gxf3+ 25. Nxf3 Rdg8 26. Bd3 Rxg3+ 27. Kxg3 Rg8+
28. Ng5 fxg5 29. Be2 gxh4+ 30. Kh2 Ng4+ 31. Bxg4 hxg4 32. Qh6 g3+ 33. Kg1 Qg5
34. Qxg5 Rxg5 35. Rf6 Kc7 36. Rh6 1/2-1/2

[Event "XLVII Torneo di Capodanno"]
[Site "Reggio nell'Emilia ITA"]
[Date "2005.01.01"]
[Round "4"]
[White "Cebalo, Miso"]
[Black "Tirabassi, Maurizio"]
[Result "1-0"]
[WhiteElo "2520"]
[BlackElo "2330"]
[PlyCount "80"]
[EventDate "2004.12.29"]

1. d4 Nf6 2. c4 e6 3. Nc3 Bb4 4. f3 c5 5. d5 d6 6. e4 O-O 7. Bd3 b5 8. Nge2
exd5 9. cxd5 a6 10. O-O Nbd7 11. Ng3 Re8 12. Kh1 Ne5 13. Bc2 Ba5 14. h3 Bb6 15.
b3 Ra7 16. Be3 c4 17. Bxb6 Qxb6 18. f4 cxb3 19. Bxb3 Ng6 20. Qd3 Nd7 21. Rae1
Nc5 22. Qd4 b4 23. Nb1 a5 24. Nd2 a4 25. Bc4 f6 26. Kh2 Qa5 27. Rb1 Rb7 28. Be2
b3 29. a3 Rbe7 30. Bh5 Ba6 31. Rf3 Rc8 32. Nf5 Rd7 33. Bg4 Re8 34. Rc3 Nxf4 35.
Nxd6 Rxd6 36. Rxc5 Qb6 37. Qxa4 Rdd8 38. Qa5 Qd6 39. g3 Bd3 40. Rxb3 Bxe4 1-0

[Event "XLVII Torneo di Capodanno"]
[Site "Reggio nell'Emilia ITA"]
[Date "2005.01.01"]
[Round "4"]
[White "Di Caro, Calogero"]
[Black "Miladinovic, Igor"]
[Result "1-0"]
[WhiteElo "2317"]
[BlackElo "2611"]
[PlyCount "81"]
[EventDate "2004.12.29"]

1. d4 Nf6 2. c4 c5 3. d5 e5 4. Nc3 d6 5. e4 Be7 6. g3 a6 7. a4 Nbd7 8. Bg2 Nf8
9. a5 Ng6 10. Bd2 b5 11. axb6 Qxb6 12. b3 Rb8 13. Ra3 Bd8 14. Nge2 O-O 15. O-O
Ne8 16. Kh1 Qb7 17. Nc1 f5 18. exf5 Bxf5 19. Ne4 Qc8 20. Nd3 Bxe4 21. Bxe4 Nf6
22. Bg2 Qf5 23. Bc1 e4 24. Nf4 Ne5 25. Rxa6 Be7 26. Bh3 Nfg4 27. Bb2 Nf3 28.
Ra7 Rf7 29. Bxg4 Qxg4 30. h3 Qg5 31. Ne6 Qg6 32. Qc2 Re8 33. Rfa1 h6 34. Ra8
Rxa8 35. Rxa8+ Kh7 36. Ra7 Ne1 37. Qe2 e3 38. Rxe7 Qe4+ 39. f3 Qf5 40. g4 Qb1
41. Rxf7 1-0

[Event "XLVII Torneo di Capodanno"]
[Site "Reggio nell'Emilia ITA"]
[Date "2005.01.01"]
[Round "4"]
[White "Komarov, Dimitri"]
[Black "Sciortino, Massimo"]
[Result "1/2-1/2"]
[WhiteElo "2555"]
[BlackElo "2222"]
[PlyCount "37"]
[EventDate "2004.12.29"]

1. d4 d5 2. c4 e6 3. Nc3 Be7 4. Nf3 Nf6 5. Bg5 h6 6. Bh4 O-O 7. e3 Ne4 8. Bxe7
Qxe7 9. Qc2 c6 10. Bd3 Nxc3 11. Qxc3 Nd7 12. O-O dxc4 13. Bxc4 b6 14. b4 Bb7
15. Be2 a5 16. a3 axb4 17. axb4 Rxa1 18. Rxa1 Ra8 19. Rxa8+ 1/2-1/2

[Event "XLVII Torneo di Capodanno"]
[Site "Reggio nell'Emilia ITA"]
[Date "2005.01.01"]
[Round "4"]
[White "Naumkin, Igor"]
[Black "Delchev, Aleksander"]
[Result "1/2-1/2"]
[WhiteElo "2479"]
[BlackElo "2601"]
[PlyCount "66"]
[EventDate "2004.12.29"]

1. d4 Nf6 2. Nf3 d5 3. c4 e6 4. Nc3 dxc4 5. e4 Bb4 6. Bg5 c5 7. Bxc4 cxd4 8.
Nxd4 Qa5 9. Bxf6 Bxc3+ 10. bxc3 Qxc3+ 11. Kf1 gxf6 12. Rc1 Qa5 13. h4 Ke7 14.
Rh3 Rd8 15. Rd3 Nd7 16. Nb3 Qb6 17. f4 Nf8 18. Rxd8 Qxd8 19. Qe1 Ke8 20. Nc5
Qb6 21. Na4 Qd4 22. Qe2 f5 23. Nc3 a6 24. g3 b5 25. Bd5 exd5 26. Nxd5 fxe4 27.
Nc7+ Ke7 28. Nxa8 Bh3+ 29. Ke1 e3 30. Nc7 Ne6 31. Qc2 Qb4+ 32. Qc3 Qe4 33. Nxe6
Qh1+ 1/2-1/2

[Event "XLVII Torneo di Capodanno"]
[Site "Reggio nell'Emilia ITA"]
[Date "2005.01.01"]
[Round "4"]
[White "Rombaldoni, Denis"]
[Black "Chatalbashev, Boris"]
[Result "1-0"]
[WhiteElo "2251"]
[BlackElo "2554"]
[PlyCount "111"]
[EventDate "2004.12.29"]

1. d4 Nf6 2. c4 e6 3. Nf3 Bb4+ 4. Bd2 c5 5. e3 Nc6 6. Bxb4 cxb4 7. Nbd2 d6 8.
Bd3 O-O 9. O-O a5 10. Rc1 e5 11. d5 Nb8 12. c5 dxc5 13. e4 Qe7 14. Bb5 Bg4 15.
h3 Bxf3 16. Qxf3 Ne8 17. Qd3 a4 18. Bxe8 Rxe8 19. d6 Qe6 20. Rxc5 Nd7 21. Rc7
Ra6 22. Rxb7 Rxd6 23. Qe3 Rd4 24. Nf3 Qc6 25. Ra7 Rxe4 26. Qd2 Nf6 27. Rc1 Rc4
28. Rxc4 Qxc4 29. Rxa4 e4 30. Rxb4 Qxa2 31. Nh4 Qa1+ 32. Kh2 Qa5 33. Rd4 Qe5+
34. g3 e3 35. Qxe3 Qb5 36. Qc3 Ne4 37. Qc2 Ng5 38. Rf4 Qf1 39. Qf5 h6 40. Ng2
Re7 41. h4 Ne6 42. Rb4 Re8 43. Ne3 Qe2 44. Ng4 Qd2 45. Rb7 Nd8 46. Rb8 Qd6 47.
Qb5 Rf8 48. Qe5 Qd7 49. Ne3 Re8 50. Qd5 Qc7 51. Ra8 Qb6 52. b4 Kh7 53. b5 g6
54. Ng4 Re2 55. Rxd8 Rxf2+ 56. Nxf2 1-0

[Event "XLVII Torneo di Capodanno"]
[Site "Reggio nell'Emilia ITA"]
[Date "2005.01.02"]
[Round "5"]
[White "Chatalbashev, Boris"]
[Black "Komarov, Dimitri"]
[Result "1/2-1/2"]
[WhiteElo "2554"]
[BlackElo "2555"]
[PlyCount "40"]
[EventDate "2004.12.29"]

1. d4 Nf6 2. c4 e6 3. Nf3 d5 4. Nc3 Be7 5. Bg5 h6 6. Bh4 O-O 7. e3 Ne4 8. Bxe7
Qxe7 9. Bd3 Nxc3 10. bxc3 c5 11. O-O Nc6 12. cxd5 exd5 13. a4 Be6 14. Nd2 Rac8
15. a5 cxd4 16. cxd4 Nb4 17. Bb1 Rc3 18. Nb3 Bg4 19. Qxg4 Rxb3 20. h4 Rc3
1/2-1/2

[Event "XLVII Torneo di Capodanno"]
[Site "Reggio nell'Emilia ITA"]
[Date "2005.01.02"]
[Round "5"]
[White "Delchev, Aleksander"]
[Black "Rombaldoni, Denis"]
[Result "1-0"]
[WhiteElo "2601"]
[BlackElo "2251"]
[PlyCount "139"]
[EventDate "2004.12.29"]

1. e4 c6 2. d4 d5 3. Nd2 dxe4 4. Nxe4 Nf6 5. Nxf6+ gxf6 6. c3 Qd5 7. c4 Qe4+ 8.
Be3 e5 9. a3 Bf5 10. Ne2 Nd7 11. Ng3 Qc2 12. Nxf5 Qxf5 13. Bd3 Qe6 14. O-O e4
15. Re1 O-O-O 16. d5 Qf5 17. dxc6 Nc5 18. cxb7+ Nxb7 19. Qa4 exd3 20. Bxa7 Qa5
21. Qc6+ Qc7 22. Qxf6 Bc5 23. Bxc5 Nxc5 24. Qf5+ Ne6 25. Rad1 Rhg8 26. g3 Rg5
27. Qf3 Nd4 28. Qa8+ Qb8 29. Qa6+ Qb7 30. Qxb7+ Kxb7 31. Re3 d2 32. Kf1 Ne6 33.
Re2 Rd4 34. b3 Rd3 35. Rdxd2 Rxb3 36. Rd7+ Kc6 37. Rxf7 Nd4 38. Re4 Nf3 39. Kg2
Ne5 40. Rf6+ Kd7 41. Rh6 Rf5 42. Rxh7+ Kd6 43. Rh6+ Kc5 44. Re2 Rxa3 45. h4
Kxc4 46. Re6 Nd3 47. Rd6 Nb4 48. Re4+ Kc5 49. Rd2 Nd3 50. f3 Nb4 51. f4 Nd5 52.
Rf2 Rf8 53. Re5 Rd3 54. Rf3 Rd2+ 55. Kh3 Kd4 56. Re1 Nf6 57. f5 Rg8 58. Re6 Ne4
59. Rg6 Rf8 60. g4 Ra8 61. g5 Ra1 62. f6 Rh1+ 63. Kg4 Rg2+ 64. Kh5 Rgh2 65. Rf4
Ke5 66. f7 Ng3+ 67. Kh6 Kxf4 68. Rf6+ Nf5+ 69. Kg6 Kg4 70. Rxf5 1-0

[Event "XLVII Torneo di Capodanno"]
[Site "Reggio nell'Emilia ITA"]
[Date "2005.01.02"]
[Round "5"]
[White "Miladinovic, Igor"]
[Black "Naumkin, Igor"]
[Result "1-0"]
[WhiteElo "2611"]
[BlackElo "2479"]
[PlyCount "51"]
[EventDate "2004.12.29"]

1. d4 Nf6 2. c4 e6 3. Nc3 Bb4 4. g3 c5 5. Nf3 O-O 6. Bg2 cxd4 7. Nxd4 d5 8. Nc2
Bxc3+ 9. bxc3 Nbd7 10. cxd5 Nxd5 11. c4 N5f6 12. Ba3 Re8 13. O-O Qa5 14. Rb1
Qh5 15. Rb5 e5 16. Ne3 a6 17. Ra5 Nf8 18. Bxf8 Rxf8 19. f4 Re8 20. fxe5 h6 21.
Qd4 Be6 22. Bf3 Qg5 23. Qf4 Nd7 24. Bxb7 Rab8 25. Bc6 Red8 26. h4 1-0

[Event "XLVII Torneo di Capodanno"]
[Site "Reggio nell'Emilia ITA"]
[Date "2005.01.02"]
[Round "5"]
[White "Sciortino, Massimo"]
[Black "Cebalo, Miso"]
[Result "0-1"]
[WhiteElo "2222"]
[BlackElo "2520"]
[PlyCount "92"]
[EventDate "2004.12.29"]

1. e4 c5 2. Nf3 d6 3. d4 cxd4 4. Nxd4 Nf6 5. Nc3 g6 6. Be3 Bg7 7. f3 O-O 8. Qd2
Nc6 9. Bc4 Bd7 10. O-O-O Rb8 11. Bb3 Na5 12. Bh6 Bxh6 13. Qxh6 b5 14. h4 e5 15.
Nde2 b4 16. Nd5 Nxb3+ 17. cxb3 Nxd5 18. Rxd5 Be6 19. Rd2 Rb6 20. Kb1 Qe7 21. g4
Rd8 22. Rhd1 f6 23. Ng3 Qf7 24. Qe3 Rc6 25. h5 g5 26. h6 Qc7 27. Nh5 Kf7 28.
Ng7 Rc8 29. Qg1 Ra6 30. Nxe6 Kxe6 31. Qe1 Ke7 32. Rc1 Qxc1+ 33. Qxc1 Rxc1+ 34.
Kxc1 Rxa2 35. Rc2 Ra1+ 36. Kd2 Kd7 37. Rc4 a5 38. Rc1 Rxc1 39. Kxc1 d5 40. exd5
Kd6 41. Kd2 Kxd5 42. Kd3 Kd6 43. Ke3 Ke6 44. Ke4 f5+ 45. Ke3 fxg4 46. fxg4 Kd5
0-1

[Event "XLVII Torneo di Capodanno"]
[Site "Reggio nell'Emilia ITA"]
[Date "2005.01.02"]
[Round "5"]
[White "Tirabassi, Maurizio"]
[Black "Di Caro, Calogero"]
[Result "1-0"]
[WhiteElo "2330"]
[BlackElo "2317"]
[PlyCount "53"]
[EventDate "2004.12.29"]

1. d4 d6 2. c4 e5 3. g3 exd4 4. Qxd4 Nc6 5. Qd1 Be6 6. e4 g6 7. Nc3 Bg7 8. Bd2
Nge7 9. Nf3 O-O 10. Be2 f5 11. O-O fxe4 12. Nxe4 Bxb2 13. Rb1 Bg7 14. Rxb7 Qc8
15. Rb3 Bf5 16. Nc3 h6 17. Nd5 Kh7 18. Bc3 Bxc3 19. Rxc3 Rb8 20. Re3 Rf7 21.
Qd2 Bh3 22. Re1 Nf5 23. Re4 Qh8 24. Nf4 Bg4 25. Nxg6 Kxg6 26. Rxg4+ Kh7 27. Bd3
1-0

[Event "XLVII Torneo di Capodanno"]
[Site "Reggio nell'Emilia ITA"]
[Date "2005.01.03"]
[Round "6"]
[White "Cebalo, Miso"]
[Black "Chatalbashev, Boris"]
[Result "0-1"]
[WhiteElo "2520"]
[BlackElo "2554"]
[PlyCount "66"]
[EventDate "2004.12.29"]

1. d4 Nf6 2. c4 e6 3. Nc3 Bb4 4. f3 O-O 5. a3 Bxc3+ 6. bxc3 b6 7. e4 Ne8 8. Bd3
Ba6 9. f4 Nc6 10. Nf3 Na5 11. e5 f5 12. Qe2 d5 13. a4 c5 14. Ba3 dxc4 15. Bc2
Qe7 16. dxc5 bxc5 17. Rd1 Nc7 18. Qf2 Nb7 19. Nd4 Qe8 20. Ne2 Qc6 21. O-O Nd5
22. g4 Ne7 23. Ng3 g6 24. gxf5 exf5 25. Qe3 Rad8 26. Kf2 Rd3 27. Bxd3 cxd3 28.
Rg1 Qxa4 29. Bxc5 Nd5 30. Qd4 Qa2+ 31. Kf3 Nxc5 32. Qxc5 Bb7 33. Rb1 Nb6+ 0-1

[Event "XLVII Torneo di Capodanno"]
[Site "Reggio nell'Emilia ITA"]
[Date "2005.01.03"]
[Round "6"]
[White "Di Caro, Calogero"]
[Black "Sciortino, Massimo"]
[Result "1/2-1/2"]
[WhiteElo "2317"]
[BlackElo "2222"]
[PlyCount "31"]
[EventDate "2004.12.29"]

1. c4 e5 2. g3 Nc6 3. Bg2 g6 4. Nc3 Bg7 5. d3 d6 6. e4 Nge7 7. Nge2 Be6 8. Nd5
h6 9. O-O f5 10. Nxe7 Qxe7 11. exf5 gxf5 12. Be3 h5 13. b3 h4 14. d4 exd4 15.
Nxd4 Ne5 16. Bxb7 1/2-1/2

[Event "XLVII Torneo di Capodanno"]
[Site "Reggio nell'Emilia ITA"]
[Date "2005.01.03"]
[Round "6"]
[White "Komarov, Dimitri"]
[Black "Delchev, Aleksander"]
[Result "1/2-1/2"]
[WhiteElo "2555"]
[BlackElo "2601"]
[PlyCount "37"]
[EventDate "2004.12.29"]

1. d4 Nf6 2. Nf3 d5 3. c4 e6 4. Nc3 dxc4 5. e4 Bb4 6. Bg5 c5 7. Bxc4 cxd4 8.
Nxd4 Qa5 9. Bxf6 Bxc3+ 10. bxc3 Qxc3+ 11. Kf1 gxf6 12. Rc1 Qa5 13. Bb5+ Ke7 14.
e5 fxe5 15. Qh5 Nd7 16. Qg5+ Kf8 17. Rxc8+ Rxc8 18. Bxd7 Qd8 19. Nxe6+ 1/2-1/2

[Event "XLVII Torneo di Capodanno"]
[Site "Reggio nell'Emilia ITA"]
[Date "2005.01.03"]
[Round "6"]
[White "Naumkin, Igor"]
[Black "Rombaldoni, Denis"]
[Result "1/2-1/2"]
[WhiteElo "2479"]
[BlackElo "2251"]
[PlyCount "55"]
[EventDate "2004.12.29"]

1. d4 Nf6 2. c4 e6 3. Nf3 b6 4. g3 Ba6 5. b3 Bb4+ 6. Bd2 Be7 7. Nc3 O-O 8. Bg2
c6 9. O-O d5 10. Qc2 dxc4 11. bxc4 Bxc4 12. Rad1 Nd5 13. Ne5 Ba6 14. Rfe1 Bb7
15. Ne4 f6 16. Nd3 Na6 17. Qb3 f5 18. Nc3 Bf6 19. e4 fxe4 20. Nxe4 Kh8 21. Qc2
Qe7 22. Bf4 Nxf4 23. Nxf4 Nb4 24. Qb1 Nd5 25. Nxf6 Rxf6 26. Bxd5 cxd5 27. Re5
Qf7 28. Rde1 1/2-1/2

[Event "XLVII Torneo di Capodanno"]
[Site "Reggio nell'Emilia ITA"]
[Date "2005.01.04"]
[Round "7"]
[White "Chatalbashev, Boris"]
[Black "Di Caro, Calogero"]
[Result "1/2-1/2"]
[WhiteElo "2554"]
[BlackElo "2317"]
[PlyCount "51"]
[EventDate "2004.12.29"]

1. d4 Nf6 2. c4 g6 3. f3 d5 4. cxd5 Nxd5 5. e4 Nb6 6. Nc3 Bg7 7. Be3 O-O 8. Qd2
e5 9. d5 c6 10. h4 cxd5 11. exd5 h5 12. g4 hxg4 13. h5 gxf3 14. hxg6 fxg6 15.
Nh3 Nc4 16. Bxc4 Qh4+ 17. Qf2 Qxc4 18. Ng5 Na6 19. Qh2 f2+ 20. Bxf2 Rxf2 21.
Qxf2 Bf5 22. Rh7 Nb4 23. Rd1 e4 24. Qh2 Bxc3+ 25. bxc3 Qxc3+ 26. Kf1 1/2-1/2

[Event "XLVII Torneo di Capodanno"]
[Site "Reggio nell'Emilia ITA"]
[Date "2005.01.04"]
[Round "7"]
[White "Rombaldoni, Denis"]
[Black "Komarov, Dimitri"]
[Result "1/2-1/2"]
[WhiteElo "2251"]
[BlackElo "2555"]
[PlyCount "36"]
[EventDate "2004.12.29"]

1. d4 d5 2. c4 c6 3. Nf3 Nf6 4. e3 Bf5 5. Nc3 e6 6. Bd3 Bxd3 7. Qxd3 Bb4 8. O-O
Nbd7 9. Bd2 a5 10. a3 Bxc3 11. bxc3 Nb6 12. cxd5 exd5 13. Ne5 Ne4 14. f3 Nxd2
15. Qxd2 f6 16. Nd3 Nc4 17. Qf2 O-O 18. e4 Qd6 1/2-1/2

[Event "XLVII Torneo di Capodanno"]
[Site "Reggio nell'Emilia ITA"]
[Date "2005.01.04"]
[Round "7"]
[White "Sciortino, Massimo"]
[Black "Miladinovic, Igor"]
[Result "1-0"]
[WhiteElo "2222"]
[BlackElo "2611"]
[PlyCount "75"]
[EventDate "2004.12.29"]

1. e4 c5 2. c3 Nf6 3. e5 Nd5 4. d4 cxd4 5. Nf3 Nc6 6. Bc4 Nb6 7. Bb3 d6 8. exd6
Qxd6 9. O-O Be6 10. Na3 Bxb3 11. Qxb3 Qd7 12. Rd1 d3 13. Be3 e6 14. Bxb6 axb6
15. Nc4 Na5 16. Nxa5 Rxa5 17. c4 Bc5 18. Qc3 Bf8 19. Rxd3 Qc7 20. b4 Ra8 21. h4
f6 22. Rad1 Rc8 23. Qb3 Qc6 24. Nd4 Qxc4 25. Nxe6 Qxb3 26. Rxb3 Kf7 27. Nd8+
Kg8 28. Nxb7 Be7 29. Rd7 Rc1+ 30. Kh2 Re1 31. a3 h5 32. Rc3 Re6 33. Rcc7 Bf8
34. g3 f5 35. Rf7 Rhh6 36. Rxf5 Rhf6 37. Rxf6 Rxf6 38. Kg2 1-0

[Event "XLVII Torneo di Capodanno"]
[Site "Reggio nell'Emilia ITA"]
[Date "2005.01.04"]
[Round "7"]
[White "Tirabassi, Maurizio"]
[Black "Naumkin, Igor"]
[Result "0-1"]
[WhiteElo "2330"]
[BlackElo "2479"]
[PlyCount "58"]
[EventDate "2004.12.29"]

1. d4 e6 2. g3 Nf6 3. Bg2 d5 4. Nf3 c5 5. O-O cxd4 6. Nxd4 Bc5 7. b3 Qe7 8. Bb2
O-O 9. e3 e5 10. Ne2 Rd8 11. Qc1 Bg4 12. Re1 Nbd7 13. h3 Bh5 14. Nbc3 Nb6 15.
Kh2 Rac8 16. a3 Bd6 17. f4 a6 18. Qd2 Bg6 19. fxe5 Bxe5 20. Nd4 Nh5 21. Nce2
Qg5 22. Rac1 Nxg3 23. Nf4 Nh5 24. Rf1 Nd7 25. c4 dxc4 26. Rxc4 Rxc4 27. bxc4
Nc5 28. Kg1 Ne4 29. Qe1 Bxf4 0-1

[Event "XLVII Torneo di Capodanno"]
[Site "Reggio nell'Emilia ITA"]
[Date "2005.01.05"]
[Round "8"]
[White "Cebalo, Miso"]
[Black "Rombaldoni, Denis"]
[Result "1/2-1/2"]
[WhiteElo "2520"]
[BlackElo "2251"]
[PlyCount "75"]
[EventDate "2004.12.29"]

1. d4 Nf6 2. c4 e6 3. Nc3 Bb4 4. f3 d5 5. a3 Bxc3+ 6. bxc3 c5 7. cxd5 Nxd5 8.
dxc5 f5 9. Nh3 Qa5 10. Bd2 Qxc5 11. c4 Ne3 12. Qb3 Nxf1 13. Kxf1 Nc6 14. Nf2
O-O 15. Nd3 Qe7 16. Kf2 e5 17. Bb4 Nxb4 18. axb4 f4 19. Rhd1 Rf6 20. Qc3 Rf5
21. Ra5 Qh4+ 22. Kf1 Qxh2 23. Nf2 Rg5 24. Rd8+ Kf7 25. Rxe5 Rxg2 26. Ke1 Rg1+
27. Kd2 Qxf2 28. Kc2 Qf1 29. Qb2 Qh3 30. Qd4 Bf5+ 31. Kb2 Rxd8 32. Qxd8 Be6 33.
Qc7+ Kf6 34. Re4 Rg5 35. Qxb7 Re5 36. Rxe5 Kxe5 37. Qxg7+ Kd6 38. Qf8+ 1/2-1/2

[Event "XLVII Torneo di Capodanno"]
[Site "Reggio nell'Emilia ITA"]
[Date "2005.01.05"]
[Round "8"]
[White "Di Caro, Calogero"]
[Black "Delchev, Aleksander"]
[Result "0-1"]
[WhiteElo "2317"]
[BlackElo "2601"]
[PlyCount "48"]
[EventDate "2004.12.29"]

1. g3 e5 2. c4 Nf6 3. Bg2 Nc6 4. Nc3 Bc5 5. a3 O-O 6. e3 a6 7. Nge2 d6 8. O-O
Ba7 9. f4 exf4 10. gxf4 Ne7 11. b3 c6 12. Bb2 d5 13. cxd5 cxd5 14. Kh1 Nf5 15.
Rg1 Re8 16. Qe1 d4 17. Nd1 Bd7 18. exd4 Bb5 19. Ndc3 Bxd4 20. Nxd4 Qxd4 21. Qc1
Qxf4 22. Bxb7 Rab8 23. Nxb5 Ne4 24. Qf1 Nf2+ 0-1

[Event "XLVII Torneo di Capodanno"]
[Site "Reggio nell'Emilia ITA"]
[Date "2005.01.05"]
[Round "8"]
[White "Naumkin, Igor"]
[Black "Komarov, Dimitri"]
[Result "0-1"]
[WhiteElo "2479"]
[BlackElo "2555"]
[PlyCount "76"]
[EventDate "2004.12.29"]

1. d4 Nf6 2. c4 e6 3. Nf3 b6 4. g3 Bb7 5. Bg2 Be7 6. O-O O-O 7. Nc3 Ne4 8. Bd2
f5 9. d5 Bf6 10. Rc1 Na6 11. a3 c5 12. Ne1 exd5 13. cxd5 Qe7 14. Nd3 d6 15. Nf4
Nc7 16. b4 Rfe8 17. bxc5 dxc5 18. Nxe4 fxe4 19. Rc4 Nxd5 20. Rxe4 Qf7 21. Qc2
Nxf4 22. Bxf4 Bxe4 23. Bxe4 Rxe4 24. Qxe4 Re8 25. Qc2 Qe6 26. Qa4 Re7 27. Be3
Rd7 28. Rc1 h5 29. h4 Qf5 30. Qb5 Kh7 31. a4 Rd6 32. a5 Bxh4 33. axb6 axb6 34.
gxh4 Qg4+ 35. Kf1 Qh3+ 36. Kg1 Rg6+ 37. Bg5 Qxh4 38. f4 Qxf4 0-1

[Event "XLVII Torneo di Capodanno"]
[Site "Reggio nell'Emilia ITA"]
[Date "2005.01.05"]
[Round "8"]
[White "Tirabassi, Maurizio"]
[Black "Sciortino, Massimo"]
[Result "1/2-1/2"]
[WhiteElo "2330"]
[BlackElo "2222"]
[PlyCount "20"]
[EventDate "2004.12.29"]

1. d4 Nf6 2. c4 e6 3. Nc3 d5 4. Bg5 Be7 5. e3 O-O 6. Nf3 h6 7. Bh4 Ne4 8. Bxe7
Qxe7 9. cxd5 Nxc3 10. bxc3 exd5 1/2-1/2

[Event "XLVII Torneo di Capodanno"]
[Site "Reggio nell'Emilia ITA"]
[Date "2005.01.06"]
[Round "9"]
[White "Chatalbashev, Boris"]
[Black "Tirabassi, Maurizio"]
[Result "1-0"]
[WhiteElo "2554"]
[BlackElo "2330"]
[PlyCount "67"]
[EventDate "2004.12.29"]

1. d4 Nf6 2. c4 e6 3. Nf3 b6 4. e3 Bb7 5. Nc3 Bb4 6. Bd3 O-O 7. O-O d5 8. cxd5
exd5 9. a3 Bd6 10. b4 a6 11. Qb3 Qe7 12. Rb1 Nbd7 13. a4 Ne4 14. Bb2 Ndf6 15.
b5 Nxc3 16. Qxc3 Ne4 17. Qc2 axb5 18. axb5 Rfe8 19. Ne5 Qh4 20. f3 Ng5 21. f4
Ne4 22. Bxe4 dxe4 23. Qc4 Qe7 24. f5 Red8 25. Rbc1 Qe8 26. Ra1 Rxa1 27. Rxa1
Ra8 28. Rc1 Ra5 29. Bc3 Ra7 30. h3 Qe7 31. Rf1 Qe8 32. Ng4 Qd7 33. d5 Qe8 34.
Qd4 1-0